Представление документа в формате RUSMARC

ПолеНазваниеЗначение
  Тип записи a
  Библиографический уровень a
001 Контрольный номер RU/CBS_UL/BASE/590153025
005 Дата корректировки 20250127110233.7
100 Данные общей обработки __
a Данные общей обработки 20180913d2018 ||| 0rusy0189 ca
101 Язык документа 0_
a Язык текста rus
102 Страна публикации __
a Страна публикации RU
105 Кодированные данные (монография) __
a Кодированные данные (монография) y###||||000|y
200 Заглавие и сведения об ответственности 1_
a Заглавие "Души прекрасные порывы...". 50-й Пушкинский праздник в селе Языково
300 Общие примечания __
a Общие примечания Ограничения по возрасту - 16+
461 Уровень набора _0
1 2000
a Симбирскъ
463 Уровень физической единицы _0
1 2000
a № 8(62)(август)
v С. 43
1 2101
d 2018
1 001RU/REG73/CBS_GRAD/0338674f4a3b47ad8671e302c8406fca
600 Персоналии _0
a Персоналии (Фамилия) Пушкин
b Персоналии (Имя, инициалы) А. С.
600 Персоналии _0
a Персоналии (Фамилия) Языков
b Персоналии (Имя, инициалы) Н. М.
606 Тематические рубрики 0_
a Основная рубрика Пушкинский праздник, (Ульяновская область) - 2018 г.
y Географическая подрубрика Языково, поселок городского типа (Карсунский район ; Ульяновская область)
610 Ключевые слова 0_
a Ключевые слова праздники
610 Ключевые слова 0_
a Ключевые слова литературные праздники
610 Ключевые слова 0_
a Ключевые слова Пушкинский праздник
610 Ключевые слова 0_
a Ключевые слова поэтические праздники
610 Ключевые слова 0_
a Ключевые слова дни поэзии
686 Индексы других классификаций __
a Классификационный индекс 83.3(2Рос=Рус)1
2 Код системы rubbk
801 Источник записи _0
a Страна RU
b Организация RuCBSGrad
c Дата составления 20250127
g Правила каталогизации RCR
801 Источник записи _1
a Страна RU
b Организация RuCBSGrad
c Дата составления 20250127
g Правила каталогизации RCR
852 Данные о местонахождении __
a Наименование организации МБУК "ЦБС г. Димитровграда"
z Тип записи R
901 Тип документа __
t Тип документа b
w Контрольный № источника RU/REG73/CBS_GRAD/0338674f4a3b47ad8671e302c8406fca
909 Создатель записи __
a Создатель записи Тенигина
b Дата создания записи 20250127